International payoffs (Record no. 37111)

MARC details
000 -LEADER
fixed length control field 00302nam a2200121Ia 4500
082 ## - DEWEY DECIMAL CLASSIFICATION NUMBER
Classification number 364
Item number KUG
100 ## - MAIN ENTRY--AUTHOR NAME
Personal name GRUENBERG, Gladys W
245 #0 - TITLE STATEMENT
Title International payoffs
260 ## - PUBLICATION, DISTRIBUTION, ETC. (IMPRINT)
Place of publication Toronto
Name of publisher Lexington
Year of publication 1977
700 ## - ADDED ENTRY--PERSONAL NAME
Personal name KUGEL, Yerachmiel
942 ## - ADDED ENTRY ELEMENTS (KOHA)
Koha item type Books
Holdings
Withdrawn status Lost status Damaged status Not for loan Home library Current library Date acquired Full call number Accession Number Koha item type
        RRII Library RRII Library 16/12/2021 364 KUG 17499 Books